00878nam a2200169 a 4500020002700000020003000027082001200057100001800069245004200087260006200129300001300191520033400204650006100538700001900599700002000618856007000638 a8175963514 (paperback) a9788175963511 (paperback) a547 PAR1 aParikh, Arun.10aName reactions in organic synthesis / aIndiabCambridge University Press India Pvt. Ltd.,c2006. a644 p. ; aThe book focuses on main aspects of chemical reaction, i.e. principle, mechanism and applications of synthetic utility. The content is explained in an easy and simple language. It will be a good source of information for fundamental knowledge of organic synthesis to students at undergraduate level as well as industrial chemist. achemistryaorganic chemistryaorganic chemistrysynthesis1 aParikh, Hansa.1 aParikh, Khyati.40uhttp://www.amazon.com/exec/obidos/ASIN/8175963514/chopaconline-20